<?xml version="1.0" encoding="UTF-8"?>
<record
    xmlns:xsi="http://www.w3.org/2001/XMLSchema-instance"
    xsi:schemaLocation="http://www.loc.gov/MARC21/slim http://www.loc.gov/standards/marcxml/schema/MARC21slim.xsd"
    xmlns="http://www.loc.gov/MARC21/slim">

  <leader>00395nam a22001577a 4500</leader>
  <controlfield tag="003">OSt</controlfield>
  <controlfield tag="005">20240104111120.0</controlfield>
  <controlfield tag="008">211202b        xxu||||| |||| 00| 0 eng d</controlfield>
  <datafield tag="020" ind1=" " ind2=" ">
    <subfield code="a">9789383182923</subfield>
  </datafield>
  <datafield tag="040" ind1=" " ind2=" ">
    <subfield code="c">IIMT UNIVERSITY MEERUT</subfield>
  </datafield>
  <datafield tag="100" ind1=" " ind2=" ">
    <subfield code="a">SAXENA, S.C</subfield>
  </datafield>
  <datafield tag="245" ind1=" " ind2=" ">
    <subfield code="a">A TEXT BOOK OF RAILWAY ENGINEERING</subfield>
  </datafield>
  <datafield tag="260" ind1=" " ind2=" ">
    <subfield code="a">NEW DELDI </subfield>
    <subfield code="b">DHANPAT RAI</subfield>
    <subfield code="c">2021</subfield>
  </datafield>
  <datafield tag="300" ind1=" " ind2=" ">
    <subfield code="a">AP.9</subfield>
  </datafield>
  <datafield tag="942" ind1=" " ind2=" ">
    <subfield code="2">ddc</subfield>
    <subfield code="c">02</subfield>
    <subfield code="e">8</subfield>
  </datafield>
  <datafield tag="999" ind1=" " ind2=" ">
    <subfield code="c">51162</subfield>
    <subfield code="d">51162</subfield>
  </datafield>
  <datafield tag="952" ind1=" " ind2=" ">
    <subfield code="0">0</subfield>
    <subfield code="1">0</subfield>
    <subfield code="2">ddc</subfield>
    <subfield code="4">0</subfield>
    <subfield code="7">0</subfield>
    <subfield code="a">01</subfield>
    <subfield code="b">01</subfield>
    <subfield code="d">2021-12-02</subfield>
    <subfield code="e">ARISTA</subfield>
    <subfield code="f">M.TECH</subfield>
    <subfield code="g">385.00</subfield>
    <subfield code="i">HO/IN/49</subfield>
    <subfield code="p">01-B-134608</subfield>
    <subfield code="r">2021-12-02</subfield>
    <subfield code="u">CIVIL ENGENERING</subfield>
    <subfield code="w">2021-12-02</subfield>
    <subfield code="y">06</subfield>
  </datafield>
  <datafield tag="952" ind1=" " ind2=" ">
    <subfield code="0">0</subfield>
    <subfield code="1">0</subfield>
    <subfield code="2">ddc</subfield>
    <subfield code="4">0</subfield>
    <subfield code="7">0</subfield>
    <subfield code="a">01</subfield>
    <subfield code="b">01</subfield>
    <subfield code="d">2021-12-02</subfield>
    <subfield code="e">ARISTA</subfield>
    <subfield code="f">M.TECH</subfield>
    <subfield code="g">385.00</subfield>
    <subfield code="i">HO/IN/49</subfield>
    <subfield code="p">01-B-134609</subfield>
    <subfield code="r">2022-03-07</subfield>
    <subfield code="u">CIVIL ENGENERING</subfield>
    <subfield code="w">2021-12-02</subfield>
    <subfield code="y">02</subfield>
  </datafield>
  <datafield tag="952" ind1=" " ind2=" ">
    <subfield code="0">0</subfield>
    <subfield code="1">0</subfield>
    <subfield code="2">ddc</subfield>
    <subfield code="4">0</subfield>
    <subfield code="7">0</subfield>
    <subfield code="a">01</subfield>
    <subfield code="b">01</subfield>
    <subfield code="d">2021-12-02</subfield>
    <subfield code="e">ARISTA</subfield>
    <subfield code="f">M.TECH</subfield>
    <subfield code="g">385.00</subfield>
    <subfield code="i">HO/IN/49</subfield>
    <subfield code="p">01-B-134610</subfield>
    <subfield code="r">2021-12-02</subfield>
    <subfield code="u">CIVIL ENGENERING</subfield>
    <subfield code="w">2021-12-02</subfield>
    <subfield code="y">02</subfield>
  </datafield>
  <datafield tag="952" ind1=" " ind2=" ">
    <subfield code="0">0</subfield>
    <subfield code="1">0</subfield>
    <subfield code="2">ddc</subfield>
    <subfield code="4">0</subfield>
    <subfield code="7">0</subfield>
    <subfield code="a">01</subfield>
    <subfield code="b">01</subfield>
    <subfield code="d">2021-12-02</subfield>
    <subfield code="e">ARISTA</subfield>
    <subfield code="f">M.TECH</subfield>
    <subfield code="g">385.00</subfield>
    <subfield code="i">HO/IN/49</subfield>
    <subfield code="p">01-B-134611</subfield>
    <subfield code="r">2021-12-02</subfield>
    <subfield code="u">CIVIL ENGENERING</subfield>
    <subfield code="w">2021-12-02</subfield>
    <subfield code="y">02</subfield>
  </datafield>
  <datafield tag="952" ind1=" " ind2=" ">
    <subfield code="0">0</subfield>
    <subfield code="1">0</subfield>
    <subfield code="2">ddc</subfield>
    <subfield code="4">0</subfield>
    <subfield code="7">0</subfield>
    <subfield code="a">01</subfield>
    <subfield code="b">01</subfield>
    <subfield code="d">2021-12-02</subfield>
    <subfield code="e">ARISTA</subfield>
    <subfield code="f">M.TECH</subfield>
    <subfield code="g">385.00</subfield>
    <subfield code="i">HO/IN/49</subfield>
    <subfield code="p">01-B-134612</subfield>
    <subfield code="r">2021-12-02</subfield>
    <subfield code="u">CIVIL ENGENERING</subfield>
    <subfield code="w">2021-12-02</subfield>
    <subfield code="y">02</subfield>
  </datafield>
  <datafield tag="952" ind1=" " ind2=" ">
    <subfield code="0">0</subfield>
    <subfield code="1">0</subfield>
    <subfield code="2">ddc</subfield>
    <subfield code="4">0</subfield>
    <subfield code="7">0</subfield>
    <subfield code="a">01</subfield>
    <subfield code="b">01</subfield>
    <subfield code="d">2021-12-02</subfield>
    <subfield code="e">ARISTA</subfield>
    <subfield code="f">M.TECH</subfield>
    <subfield code="g">385.00</subfield>
    <subfield code="i">HO/IN/49</subfield>
    <subfield code="p">01-B-134613</subfield>
    <subfield code="r">2021-12-02</subfield>
    <subfield code="u">CIVIL ENGENERING</subfield>
    <subfield code="w">2021-12-02</subfield>
    <subfield code="y">02</subfield>
  </datafield>
  <datafield tag="952" ind1=" " ind2=" ">
    <subfield code="0">0</subfield>
    <subfield code="1">0</subfield>
    <subfield code="2">ddc</subfield>
    <subfield code="4">0</subfield>
    <subfield code="7">0</subfield>
    <subfield code="a">01</subfield>
    <subfield code="b">01</subfield>
    <subfield code="d">2021-12-02</subfield>
    <subfield code="e">ARISTA</subfield>
    <subfield code="f">M.TECH</subfield>
    <subfield code="g">385.00</subfield>
    <subfield code="i">HO/IN/49</subfield>
    <subfield code="p">01-B-134614</subfield>
    <subfield code="r">2021-12-02</subfield>
    <subfield code="u">CIVIL ENGENERING</subfield>
    <subfield code="w">2021-12-02</subfield>
    <subfield code="y">02</subfield>
  </datafield>
  <datafield tag="952" ind1=" " ind2=" ">
    <subfield code="0">0</subfield>
    <subfield code="1">0</subfield>
    <subfield code="2">ddc</subfield>
    <subfield code="4">0</subfield>
    <subfield code="7">0</subfield>
    <subfield code="a">01</subfield>
    <subfield code="b">01</subfield>
    <subfield code="d">2021-12-02</subfield>
    <subfield code="e">ARISTA</subfield>
    <subfield code="f">M.TECH</subfield>
    <subfield code="g">385.00</subfield>
    <subfield code="i">HO/IN/49</subfield>
    <subfield code="p">01-B-134615</subfield>
    <subfield code="r">2021-12-02</subfield>
    <subfield code="u">CIVIL ENGENERING</subfield>
    <subfield code="w">2021-12-02</subfield>
    <subfield code="y">02</subfield>
  </datafield>
  <datafield tag="952" ind1=" " ind2=" ">
    <subfield code="0">0</subfield>
    <subfield code="1">0</subfield>
    <subfield code="2">ddc</subfield>
    <subfield code="4">0</subfield>
    <subfield code="7">0</subfield>
    <subfield code="a">01</subfield>
    <subfield code="b">01</subfield>
    <subfield code="d">2021-12-02</subfield>
    <subfield code="e">ARISTA</subfield>
    <subfield code="f">M.TECH</subfield>
    <subfield code="g">385.00</subfield>
    <subfield code="i">HO/IN/49</subfield>
    <subfield code="l">1</subfield>
    <subfield code="p">01-B-134616</subfield>
    <subfield code="q">2026-07-31</subfield>
    <subfield code="r">2026-04-16</subfield>
    <subfield code="s">2026-04-16</subfield>
    <subfield code="u">CIVIL ENGENERING</subfield>
    <subfield code="w">2021-12-02</subfield>
    <subfield code="y">02</subfield>
  </datafield>
  <datafield tag="952" ind1=" " ind2=" ">
    <subfield code="0">0</subfield>
    <subfield code="1">0</subfield>
    <subfield code="2">ddc</subfield>
    <subfield code="4">0</subfield>
    <subfield code="7">0</subfield>
    <subfield code="a">01</subfield>
    <subfield code="b">01</subfield>
    <subfield code="d">2021-12-02</subfield>
    <subfield code="e">ARISTA</subfield>
    <subfield code="f">M.TECH</subfield>
    <subfield code="g">385.00</subfield>
    <subfield code="i">HO/IN/49</subfield>
    <subfield code="p">01-B-134617</subfield>
    <subfield code="r">2021-12-02</subfield>
    <subfield code="u">CIVIL ENGENERING</subfield>
    <subfield code="w">2021-12-02</subfield>
    <subfield code="y">02</subfield>
  </datafield>
</record>
